Faculty of Law Library — Cairo University

Official Online Catalog

La Librté Individuelle / (Record no. 48081)

MARC details
000 -LEADER
fixed length control field 01013nam a2200313 i 4500
003 - CONTROL NUMBER IDENTIFIER
control field EG-GICUC
005 - DATE AND TIME OF LATEST TRANSACTION
control field 20260121101419.0
008 - FIXED-LENGTH DATA ELEMENTS--GENERAL INFORMATION
fixed length control field 251202s1945 ua ||||fr|||| 00| 0 fre d
040 ## - CATALOGING SOURCE
Original cataloging agency EG-GICUC
Language of cataloging fre
Transcribing agency EG-GICUC
Modifying agency EG-GICUC
Description conventions rda
041 0# - LANGUAGE CODE
Language code of original fre
082 04 - DEWEY DECIMAL CLASSIFICATION NUMBER
Edition number 21
Classification number 343.1
Item number SH . L
092 04 - LOCALLY ASSIGNED DEWEY CALL NUMBER (OCLC)
Edition number 21
099 ## - LOCAL FREE-TEXT CALL NUMBER (OCLC)
Classification number Law1 10 343.1 SH . L 1945
100 0# - MAIN ENTRY--PERSONAL NAME
Personal name Shams, Riad R.
Relator term Auteur
245 13 - TITLE STATEMENT
Title La Librté Individuelle /
Statement of responsibility, etc. Par Raid R. Shams; Préface Par Albert Chéron.
264 #1 - PRODUCTION, PUBLICATION, DISTRIBUTION, MANUFACTURE, AND COPYRIGHT NOTICE
Place of production, publication, distribution, manufacture Egypt :
Name of producer, publisher, distributor, manufacturer Imprimeris F. NOURY & Fils,
Date of production, publication, distribution, manufacture, or copyright notice 1945.
300 ## - PHYSICAL DESCRIPTION
Extent 258 pages ;
Dimensions 24 cm.
336 ## - CONTENT TYPE
Source rda content
Content type term text
337 ## - MEDIA TYPE
Source rda media
Media type term Computer
338 ## - CARRIER TYPE
Source rda carrier
Carrier type term Online Resource
504 ## - BIBLIOGRAPHY, ETC. NOTE
Bibliography, etc. note Bibliographie: pages 243-246
504 ## - BIBLIOGRAPHY, ETC. NOTE
Bibliography, etc. note Comprend des références bibliographiques.
546 ## - LANGUAGE NOTE
Language note Texte en français
650 14 - SUBJECT ADDED ENTRY--TOPICAL TERM
Topical term or geographic name entry element Droit Pénal
700 1# - ADDED ENTRY--PERSONAL NAME
Personal name Chéron, Albert
Relator term Préfacier
856 40 - ELECTRONIC LOCATION AND ACCESS
Uniform Resource Identifier <a href="https://fll.law.cu.edu.eg/fulltext/bks/B10-00852.pdf">https://fll.law.cu.edu.eg/fulltext/bks/B10-00852.pdf</a>
905 ## - Cataloger and Reviser Names
Cataloger Name: Habiba Ismail
Revisor Name: Hassnaa
942 ## - ADDED ENTRY ELEMENTS (KOHA)
Source of classification or shelving scheme Dewey Decimal Classification
Koha item type Books
Edition 21
Suppress in OPAC No
Holdings
Withdrawn status Lost status Source of classification or shelving scheme Damaged status Not for loan Collection Home library Current library Date acquired Total checkouts Full call number Barcode Date last seen Copy number Price effective from Koha item type
    Dewey Decimal Classification   Not for loan القانون الجنائي جــــامعة القــاهرة مكتبة كلية الحقوق - المبنى الرئيسي 03.12.2025   Law1 10 343.3 SI . C 1945 1000852 C1 B10-00852 03.12.2025 1 03.12.2025 Books

© All rights reserved — Faculty of Law, Cairo University